[Event "Bahn-chHT"]
[Site "Winterberg"]
[Date "2004.10.01"]
[Round "6"]
[White "Haser, Claudia"]
[Black "Osten, Stefan"]
[Result "1/2-1/2"]
[WhiteElo "1544"]
[BlackElo "1606"]
[PlyCount "43"]
[EventDate "2004.09.26"]
[EventType "swiss"]
[EventRounds "7"]
[EventCountry "GER"]
[SourceTitle "EXT 2013"]
[Source "ChessBase"]
[SourceDate "2012.11.22"]
[SourceVersion "1"]
[SourceVersionDate "2012.11.22"]
[SourceQuality "1"]

1. e4 e5 2. Nf3 Nc6 3. Bc4 Bc5 4. Nc3 Nf6 5. d3 d6 6. h3 h6 7. 0-0 0-0 8. Be3 Bb6 9. Bb3 Nd4 10. Nh2 Be6 11. Ne2 Bxb3 12. axb3 Ne6 13. Bxb6 axb6 14. Rxa8 Qxa8 15. f4 exf4 16. Nxf4 Nxf4 17. Rxf4 Qa2 18. Qc1 Kh7 19. Nf3 Ra8 20. Nd4 Qa1 21. Rf1 Qxc1 22. Rxc1 1/2-1/2

[Event "Bahn-chH"]
[Site "Bad Wildungen"]
[Date "2000.09.26"]
[Round "3"]
[White "Ehlert, Joachim"]
[Black "Haser, Claudia"]
[Result "1-0"]
[WhiteElo "1823"]
[BlackElo "1795"]
[PlyCount "63"]
[EventDate "2000.09.24"]
[EventType "swiss"]
[EventRounds "7"]
[EventCountry "GER"]
[SourceTitle "EXT 2003"]
[Source "ChessBase"]
[SourceDate "2002.11.25"]
[SourceVersion "1"]
[SourceVersionDate "2002.11.25"]
[SourceQuality "1"]

1. e4 e5 2. Nf3 Nc6 3. Bb5 a6 4. Ba4 b5 5. Bb3 Bc5 6. c3 d6 7. 0-0 Nf6 8. d3 h6 9. Nbd2 0-0 10. h3 Be6 11. Bc2 Nh7 12. Nb3 Ba7 13. d4 exd4 14. cxd4 Ne7 15. d5 Bc8 16. Nbd4 Bb7 17. Qd3 Nf6 18. Nh4 Bxd4 19. Qxd4 Ng6 20. Nf5 Bc8 21. Ng3 Qe7 22. f4 Re8 23. b3 Nf8 24. Bb2 Kh8 25. Rad1 N8h7 26. Bc3 a5 27. e5 dxe5 28. fxe5 Ng8 29. Qe4 Nf8 30. d6 Bb7 31. dxe7 Bxe4 32. exf8Q 1-0

[Event "Dresden Vdes op"]
[Site "Dresden"]
[Date "2000.01.29"]
[Round "6"]
[White "Haser, Claudia"]
[Black "Ott, Guenter"]
[Result "1/2-1/2"]
[WhiteElo "1645"]
[BlackElo "1882"]
[PlyCount "87"]
[EventDate "2000.01.26"]
[EventType "swiss"]
[EventRounds "7"]
[EventCountry "GER"]
[SourceTitle "EXT 2001"]
[Source "ChessBase"]
[SourceDate "2000.11.22"]
[SourceVersion "1"]
[SourceVersionDate "2000.11.22"]
[SourceQuality "1"]

1. e4 b6 2. Nf3 Bb7 3. Nc3 e6 4. d4 Nf6 5. e5 Nd5 6. Bd2 Nxc3 7. Bxc3 c5 8. Be2 cxd4 9. Bxd4 Nc6 10. 0-0 Nxd4 11. Nxd4 Bc5 12. c3 0-0 13. b4 Be7 14. f4 Rc8 15. Rc1 d5 16. Qd3 a6 17. Qg3 Qd7 18. f5 exf5 19. Nxf5 g6 20. Bg4 Qe8 21. Nxe7+ Qxe7 22. Bxc8 Rxc8 23. Qf4 Rc6 24. c4 dxc4 25. Rxc4 Re6 26. Rc2 Kg7 27. Rcf2 Rxe5 28. Qxf7+ Kh6 29. Qf4+ Qg5 30. Qf8+ Kh5 31. Qf7 Re7 32. Qf8 Re5 33. Qf7 Re7 34. Qb3 Kh6 35. a3 Bd5 36. Qh3+ Kg7 37. Qc8 Kh6 38. Qxa6 Qe3 39. Qc8 Qe4 40. Qf8+ Kg5 41. Qf4+ Qxf4 42. Rxf4 Re3 43. Rd4 Ba8 44. Rfd1 1/2-1/2

[Event "Dresden Vdes op"]
[Site "Dresden"]
[Date "2000.01.27"]
[Round "2"]
[White "Haser, Claudia"]
[Black "Haake, Helmut"]
[Result "1-0"]
[WhiteElo "1645"]
[BlackElo "1335"]
[PlyCount "71"]
[EventDate "2000.01.26"]
[EventType "swiss"]
[EventRounds "7"]
[EventCountry "GER"]
[SourceTitle "EXT 2001"]
[Source "ChessBase"]
[SourceDate "2000.11.22"]
[SourceVersion "1"]
[SourceVersionDate "2000.11.22"]
[SourceQuality "1"]

1. e4 e5 2. Nf3 Nc6 3. Bc4 Bc5 4. Nc3 Nf6 5. d3 d6 6. h3 h6 7. 0-0 0-0 8. Be3 Bb6 9. Na4 Qe7 10. Nxb6 cxb6 11. a3 Be6 12. Ba2 Rfd8 13. Nh2 d5 14. exd5 Bxd5 15. Qe2 Rac8 16. Ng4 Re8 17. Nxf6+ Qxf6 18. Bxd5 Nd4 19. Bxd4 exd4 20. Qd2 Rc7 21. Rfe1 Ree7 22. Rxe7 Rxe7 23. Re1 Rd7 24. Bb3 Kf8 25. Re4 b5 26. Qb4+ Kg8 27. Qxb5 Qd6 28. Re8+ Kh7 29. Qf5+ g6 30. Qf3 f6 31. Qe4 f5 32. Qe2 b5 33. Re6 Qf8 34. Qe5 Qd8 35. Re8 Qc7 36. Bg8# 1-0

[Event "Dresden Vdes op"]
[Site "Dresden"]
[Date "2000.01.26"]
[Round "1"]
[White "Wetzel, Gerhard"]
[Black "Haser, Claudia"]
[Result "1-0"]
[WhiteElo "1988"]
[BlackElo "1645"]
[PlyCount "77"]
[EventDate "2000.01.26"]
[EventType "swiss"]
[EventRounds "7"]
[EventCountry "GER"]
[SourceTitle "EXT 2001"]
[Source "ChessBase"]
[SourceDate "2000.11.22"]
[SourceVersion "1"]
[SourceVersionDate "2000.11.22"]
[SourceQuality "1"]

1. d4 d5 2. c4 e6 3. Nc3 Nf6 4. Bg5 Be7 5. e3 Nbd7 6. Rc1 h6 7. Bh4 0-0 8. Nf3 dxc4 9. Bxc4 b6 10. 0-0 Bb7 11. Qe2 Rc8 12. Rfd1 Nh7 13. Bg3 Ng5 14. Nxg5 Bxg5 15. f4 Bh4 16. e4 Bxg3 17. hxg3 Re8 18. e5 c6 19. Ne4 Rf8 20. Bd3 Nb8 21. Qh5 Qe7 22. f5 exf5 23. Qxf5 g6 24. Qf4 Kg7 25. Nd6 Rc7 26. Be4 Ba8 27. Rf1 Qg5 28. Qxg5 hxg5 29. Rf2 Rd8 30. Rcf1 Rf8 31. Bc2 c5 32. dxc5 Rxc5 33. Rxf7+ Rxf7 34. Rxf7+ Kh6 35. Rf2 Nd7 36. e6 Nf6 37. Rxf6 Rxc2 38. e7 Rxg2+ 39. Kf1 1-0